| 000 | 00425nam a22001697a 4500 | ||
|---|---|---|---|
| 003 | NUST - PNEC | ||
| 005 | 20170116180830.0 | ||
| 008 | 150730b xxu||||| |||| 00| 0 eng d | ||
| 020 | _a0023791225 | ||
| 040 | _cLIBRARY | ||
| 082 | _a519.5 MCC | ||
| 100 |
_94559 _aMcclave, James T. |
||
| 245 |
_aA first course in statistics _c James T. Mcclave |
||
| 250 | _a3rd ed | ||
| 650 |
_94560 _aStatistics _xMIS |
||
| 942 |
_2ddc _cBK |
||
| 999 |
_c63990 _d63990 |
||